00337nam a2200109Ia 4500008004100000100002000041245005200061245002100113260000900134650003500143856004900178160609s9999 xx 000 0 und d aMcLeod, Alison. aListening To Children: A Practitioner’s Guide cBy:Alison McLeod c2015 xCHILD & ADOLESCENT DEVELOPMENT uhttp://file.ebook777.com/LisToChiAPraGui.pdf